Billy the Ghost and me / (Record no. 4056)

MARC details
000 -LEADER
fixed length control field 01121pam a2200313 a 4500
005 - DATE AND TIME OF LATEST TRANSACTION
control field 20240604104705.0
020 ## - INTERNATIONAL STANDARD BOOK NUMBER
International Standard Book Number 046594003751
040 ## - CATALOGING SOURCE
Original cataloging agency DLC
Transcribing agency DLC
Modifying agency DLC
Language of cataloging eng
050 00 - LIBRARY OF CONGRESS CALL NUMBER
Classification number PZ7.G85347
Item number 1997
082 00 - DEWEY DECIMAL CLASSIFICATION NUMBER
Classification number 394.2
100 1# - MAIN ENTRY--PERSONAL NAME
Personal name Greer, Gery
245 10 - TITLE STATEMENT
Title Billy the Ghost and me /
Statement of responsibility, etc. story by Gery Greer and Bob Ruddick ; pictures by Roger Roth
250 ## - EDITION STATEMENT
Edition statement First Harper Trophy edition , 1997
260 ## - PUBLICATION, DISTRIBUTION, ETC.
Place of publication, distribution, etc. New York :
Name of publisher, distributor, etc. HarperCollins ;
Date of publication, distribution, etc. 1997
300 ## - PHYSICAL DESCRIPTION
Extent 47 pages :
Other physical details color illustrations ;
Dimensions 22 cm.
490 ## - SERIES STATEMENT
Series statement An I Can Read Chapter Book
505 ## - FORMATTED CONTENTS NOTE
Formatted contents note J <br/>
520 ## - SUMMARY, ETC.
Summary, etc. Young Sarah, with the help of her friend Billy the Ghost, proves herself as a deputy by planning the perfect capture of two bank robbers in her Western town of Cactus Junction.
521 ## - TARGET AUDIENCE NOTE
Target audience note 480 <br/>
Source Lexile <br/>
521 ## - TARGET AUDIENCE NOTE
Target audience note J <br/>
Source Raz-Plus <br/>
650 #1 - SUBJECT ADDED ENTRY--TOPICAL TERM
Topical term or geographic name entry element Cowgirls
Form subdivision Fiction.
650 #1 - SUBJECT ADDED ENTRY--TOPICAL TERM
Topical term or geographic name entry element Ghosts
Form subdivision Fiction.
650 #1 - SUBJECT ADDED ENTRY--TOPICAL TERM
Topical term or geographic name entry element Robbers and outlaws
Form subdivision Fiction.
700 1# - ADDED ENTRY--PERSONAL NAME
Personal name Ruddick, Bob
700 1# - ADDED ENTRY--PERSONAL NAME
Personal name Roth, Roger
Fuller form of name (Roger Almon),
Relator term illustrator
906 ## - LOCAL DATA ELEMENT F, LDF (RLIN)
a 7
b cbc
c orignew
d 1
e ocip
f 19
g y-gencatlg
942 ## - ADDED ENTRY ELEMENTS (KOHA)
Source of classification or shelving scheme Dewey Decimal Classification
Koha item type Books
Suppress in OPAC No
999 ## -
-- 4056
-- 4056
Holdings
Withdrawn status Lost status Source of classification or shelving scheme Damaged status Not for loan Collection Home library Current library Shelving location Date acquired Total Checkouts Full call number Barcode Date last seen Date last checked out Price effective from Koha item type
    Dewey Decimal Classification     Fiction Footprints International School Library Network Toul Kork Campus Footprints International School Library Network Toul Kork Campus   06/04/2024 1 GRE 394.2 PZ7.G85347 FIS01977 07/22/2025 07/14/2025 06/04/2024 Books